[Event "VIE-ch U15"]
[Site "Hai Phong"]
[Date "2018.07.12"]
[Round "8"]
[White "Le, Minh Kha"]
[Black "Nguyen, Sinh Cung"]
[Result "0-1"]
[WhiteElo "1795"]
[BlackElo "1792"]
[PlyCount "62"]
[EventDate "2018.07.07"]
[EventType "swiss"]
[EventRounds "9"]
[EventCountry "VIE"]
[SourceTitle "EXT 2019"]
[Source "ChessBase"]
[SourceDate "2018.10.10"]
[SourceVersion "1"]
[SourceVersionDate "2018.10.10"]
[SourceQuality "1"]

1. e4 c5 2. Nf3 d6 3. d4 cxd4 4. Nxd4 Nf6 5. Nc3 a6 6. Be3 e6 7. Bc4 b5 8. Bd3 Bb7 9. f3 Be7 10. 0-0 0-0 11. a3 Nbd7 12. Qe2 Ne5 13. Rad1 Rc8 14. Qf2 Nc4 15. Bxc4 Rxc4 16. Nce2 d5 17. e5 Nd7 18. f4 Qc8 19. c3 Nc5 20. Ng3 Bh4 21. Qf3 Ne4 22. Nxe4 dxe4 23. Qg4 Be7 24. f5 Bc5 25. Bh6 g6 26. fxg6 hxg6 27. Bxf8 Qxf8 28. Kh1 Qh6 29. Nxe6 Bb6 30. Rd6 e3 31. Qe2 Rh4 0-1

[Event "VIE-ch U15"]
[Site "Hai Phong"]
[Date "2018.07.09"]
[Round "4"]
[White "Nguyen, Sinh Cung"]
[Black "Dao, Xuan Thuy"]
[Result "0-1"]
[WhiteElo "1792"]
[BlackElo "1786"]
[PlyCount "58"]
[EventDate "2018.07.07"]
[EventType "swiss"]
[EventRounds "9"]
[EventCountry "VIE"]
[SourceTitle "EXT 2019"]
[Source "ChessBase"]
[SourceDate "2018.10.10"]
[SourceVersion "1"]
[SourceVersionDate "2018.10.10"]
[SourceQuality "1"]

1. e4 c5 2. Nf3 a6 3. d4 cxd4 4. Nxd4 e5 5. Nb3 Nf6 6. f3 d5 7. exd5 Nxd5 8. Bc4 Qh4+ 9. g3 Qxc4 10. Bd2 Be7 11. Nc3 Nxc3 12. Bxc3 Bb4 13. Bxb4 Qxb4+ 14. c3 Qb6 15. Qe2 Nc6 16. 0-0-0 0-0 17. h4 Be6 18. Nd2 Rac8 19. Ne4 Bxa2 20. h5 Nd4 21. Qh2 Nb3+ 22. Kc2 Nc5 23. Nd6 Rc6 24. Nf5 Bb3+ 25. Kc1 Bxd1 26. Ne7+ Kh8 27. Nxc6 Qxc6 28. Rxd1 Qxf3 29. Qh4 Nb3+ 0-1

[Event "VIE-ch U15"]
[Site "Hai Phong"]
[Date "2018.07.07"]
[Round "2"]
[White "Nguyen, Sinh Cung"]
[Black "Luu, Tran Nguyen Khoi"]
[Result "0-1"]
[WhiteElo "1792"]
[BlackElo "1799"]
[PlyCount "56"]
[EventDate "2018.07.07"]
[EventType "swiss"]
[EventRounds "9"]
[EventCountry "VIE"]
[SourceTitle "EXT 2019"]
[Source "ChessBase"]
[SourceDate "2018.10.10"]
[SourceVersion "1"]
[SourceVersionDate "2018.10.10"]
[SourceQuality "1"]

1. e4 c5 2. Nf3 Nc6 3. d4 cxd4 4. Nxd4 g6 5. Nc3 Bg7 6. Be3 Nf6 7. f3 0-0 8. Qd2 d5 9. exd5 Nxd5 10. Nxc6 bxc6 11. Nxd5 Qxd5 12. Qxd5 cxd5 13. 0-0-0 Rd8 14. Bc4 Bb7 15. Bb3 a5 16. Bb6 Rdb8 17. Bc7 Rc8 18. Bb6 e6 19. a3 a4 20. Ba2 Ra6 21. Bd4 Rac6 22. c3 e5 23. Bf2 d4 24. Bd5 R6c7 25. Bxb7 Rxb7 26. Be1 Rcb8 27. cxd4 Rxb2 28. Bb4 Rb3 0-1